书目信息 |
| 题名: |
数理人口学
|
|
| 作者: | 查瑞传 著 | |
| 分册: | ||
| 出版信息: | 北京 中国人民大学出版社 2004 |
|
| 页数: | 261页 | |
| 开本: | 23cm | |
| 丛书名: | ||
| 单 册: | ||
| 中图分类: | C921 , C92 | |
| 科图分类: | ||
| 主题词: | 数理统计--人口学--教材 , 数理统计 , 人口学 , 人口学 | |
| 电子资源: | ||
| ISBN: | 7-300-04725-4 | |
| 000 | 00941nam0 2200301 450 | |
| 000 | 00909nam0 2200277 450 | |
| 000 | 00842nam0 2200253 450 | |
| 000 | 00806oam2 2200241 45 | |
| 005 | 20070610093127.96 | |
| 010 | @a7-300-04725-4@dCNY25.00 | |
| 100 | @a20070608d2004 em y0chiy0120 ea | |
| 101 | 0 | @achi |
| 102 | @aCN@b110000 | |
| 105 | @ay z 000yy | |
| 200 | 1 | @a数理人口学@AShu Li Ren Kou Xue@f查瑞传著@FCha Rui Chuan Zhu |
| 210 | @a北京@c中国人民大学出版社@d2004 | |
| 215 | @a261页@d23cm | |
| 300 | @a21世纪人口学系列教材 | |
| 330 | @a该书内含作为时间函数的人口总数;生命表和死亡率;稳定人口;稳定人口各种指标变动的相互影响以及矩阵在人口预测和人口分析中的应用五章内容。 | |
| 606 | 0 | @a数理统计@x人口学@j教材 |
| 606 | 0 | @a数理统计 |
| 606 | 0 | @a人口学 |
| 606 | 0 | @a人口学 |
| 690 | @aC921@v4 | |
| 690 | @aC92@v3 | |
| 701 | 0 | @a查瑞传@ACha Rui Chuan@4著 |
| 801 | 0 | @aCN@bTAOJIN@c20070610 |
| 905 | @a10447@dC92@e61 | |
| 数理人口学/查瑞传著.-北京:中国人民大学出版社,2004 |
| 261页;23cm |
| 21世纪人口学系列教材 |
| ISBN 7-300-04725-4:CNY25.00 |
| 该书内含作为时间函数的人口总数;生命表和死亡率;稳定人口;稳定人口各种指标变动的相互影响以及矩阵在人口预测和人口分析中的应用五章内容。 |
| ● |
| 相关链接 |
|
|
|
|
正题名:数理人口学
索取号:C92/61
 
预约/预借
| 序号 | 登录号 | 条形码 | 馆藏地/架位号 | 状态 | 备注 |
| 1 | 0527491 | 205274914 | 第一样本阅览室/ [索取号:C92/61] | 在馆 | |
| 2 | 0527492 | 205274923 | 第一借阅区/ [索取号:C92/61] | 在馆 | |
| 3 | 0527493 | 205274932 | 第一借阅区/ [索取号:C92/61] | 在馆 | |
| 4 | 0527494 | 205274941 | 教育系资料室/ [索取号:C92/61] | 在馆 | |
| 5 | 0527495 | 205274950 | 教育系资料室/ [索取号:C92/61] | 在馆 | |
| 6 | 0527496 | 205274969 | 教育系资料室/ [索取号:C92/61] | 在馆 | |
| 7 | 0527497 | 205274978 | 第一借阅区/ [索取号:C92/61] | 在馆 | |
| 8 | 0527498 | 205274987 | 教育系资料室/ [索取号:C92/61] | 在馆 |